00362pam a2200145 a 4500020002000000041000800020082001500028100002800043245005800071250001200129260003000141300000900171653001700180700001900197 a9781420063226c aeng a615.1bKRO aKrogsgaard - Larsen, P. aTextbook Drug Design and DiscoveryhTextual Documents a4th ed. aNew YorkbCRC Pressc2010 a460. aPharmacology aStromgaard, K.